Handbook of word-formation
| Other Authors: | , |
|---|---|
| Format: | Book |
| Language: | English |
| PhysicalDescription: | xviii, 466 strán grafy, tabuľky 24 cm |
| Published: |
Dordrecht
Springer
[2005]
|
| ISBN: | 1402035977 9781402035975 1402035969 9781402035951 9781402035968 1402035950 |
| Series: | Studies in natural language and linguistic theory
|
| Subjects: |
MARC
| LEADER | 00000cam a2200000 4500 | ||
|---|---|---|---|
| 001 | vtls009293385 | ||
| 003 | SK-MaSNL | ||
| 005 | 20260425233938.0 | ||
| 008 | 210906s2005 ne a frf 001 0 eng | ||
| 015 | |a SNBZSA2021/02 | ||
| 020 | |a 1402035977 |q (brožované) | ||
| 020 | |a 9781402035975 |q (PB) | ||
| 020 | |a 1402035969 |q (e-book) | ||
| 020 | |a 9781402035951 |q (HB) | ||
| 020 | |a 9781402035968 |q (e-book) | ||
| 020 | |a 1402035950 |q (HB) | ||
| 035 | |a urn:nbn:sk:snk-am00fiuv | ||
| 035 | |a urn:nbn:sk:snk-am3iuhw | ||
| 035 | |a D2A91764-FE19-47FB-B07E-DC99A07F4520 | ||
| 040 | |a SNK |b slo |c SNK |e rda | ||
| 041 | 0 | |a eng | |
| 044 | |a ne |c NL | ||
| 072 | 7 | |a 811.111 |x Angličtina |2 konspekt | |
| 080 | |a 811.111 |2 2011 | ||
| 080 | |a 81'366 |2 2011 | ||
| 080 | |a 81'373.611 |2 2011 | ||
| 080 | |a (035) |2 2011 | ||
| 245 | 0 | 0 | |a Handbook of word-formation |c edited by Pavol Štekauer and Rochelle Lieber |
| 264 | 1 | |a Dordrecht |b Springer |c [2005] | |
| 264 | 4 | |c ©2005 | |
| 300 | |a xviii, 466 strán |b grafy, tabuľky |c 24 cm | ||
| 336 | |a text |b txt |2 rdacontent | ||
| 337 | |a bez média |b n |2 rdamedia | ||
| 338 | |a zväzok |b nc |2 rdacarrier | ||
| 490 | 0 | |a Studies in natural language and linguistic theory |v Volume 64 | |
| 500 | |a Obsahuje profesijné údaje o prispievateľov | ||
| 504 | |a Obsahuje bibliografiu za jednotlivými príspevkami ; predmetový, menný a jazykový register | ||
| 650 | 0 | 7 | |a angličtina |2 SNKPH |9 1260 |
| 650 | 0 | 7 | |a morfológia (lingvistika) |2 SNKPH |9 74810 |
| 650 | 0 | 7 | |a tvorenie slov |2 SNKPH |9 15995 |
| 650 | 0 | 7 | |a English language |2 SNKPHeng |9 279139 |
| 650 | 0 | 7 | |a Morphology (linguistics) |2 SNKPHneg |9 323785 |
| 650 | 0 | 7 | |a Word formation |2 SNKPHeng |9 325184 |
| 655 | 7 | |a príručky |2 SNKPH |9 74364 | |
| 655 | 7 | |a Handbooks, manuals, etc. |2 SNKPHeng |9 90964 | |
| 700 | 1 | |a Stekauer, Pavel, |d 1955- |4 edt |9 192338 | |
| 700 | 1 | |a Lieber, Rochelle |d 1954- |4 edt |9 180502 | |
| 830 | 0 | |a Studies in natural language and linguistic theory |9 505185 | |
| 919 | |a 1-4020-3597-7 | ||
| 919 | |a 978-1-4020-3597-5 | ||
| 919 | |a 1-4020-3595-0 | ||
| 919 | |a 1-4020-3596-9 | ||
| 919 | |a 978-1-4020-3595-1 | ||
| 919 | |a 978-1-4020-3596-8 | ||
| 958 | |a SP | ||
| 958 | |a ZS | ||
| 958 | |a NB | ||
| 999 | |c 780126 |d 782056 | ||
| 952 | |a SNK |b SNK |y PREZ |7 0 |p 17A1392616 |o snkSC 186737 |i snk2019/28911 |8 4 |g 98.99 |0 0 |1 0 |4 0 |d 2019-07-16 |f 1 |l 0 |r 2026-02-24 01:02:12 |w 2026-02-24 | ||


